Border 2 Border #1 - Sudden Death - Statistics

General Stats
  • This quiz has been taken 30,211 times
  • The average score is 6 of 14
Answers on the Grid
Answers color-coded by a green-red scale on the quiz's grid according to % correct below.
Start Here: Andorra
Albania
Belarus
Croatia
Czechia
France
Greece
Guyana
India
Iran
Italy
Jordan
Liechtenstein
Moldova
Montenegro
Myanmar
Netherlands
Pakistan
Portugal
Romania
Slovakia
Slovenia
Tajikistan
Thailand
Turkey
Uzbekistan
Vietnam
 
Answer Stats
Answer % Correct
France
92%
Start Here: Andorra
86%
Italy
74%
Slovenia
55%
Croatia
54%
Albania
42%
Greece
41%
Montenegro
39%
Turkey
32%
Iran
25%
Pakistan
19%
India
18%
Myanmar
17%
Thailand
16%
No matching quizzes found
Score Distribution
Percent of People with Each Score
Percentile by Number Answered
Your Score History
You have not taken this quiz